| 000 | 01334naa a22003257a 4500 | ||
|---|---|---|---|
| 001 | BR7803624 | ||
| 003 | BR-BrBNA | ||
| 005 | 20240918174111.0 | ||
| 007 | ta | ||
| 008 | 230509b bl.||||| |||| 00| 0 por d | ||
| 040 |
_aBR-BrBNA _bpor _cBiblioteca Nacional de Agricultura |
||
| 041 | _a(Pt) | ||
| 072 |
_aU20; E30; C00 _b/G514 |
||
| 090 | _aU20 BR7803624 | ||
| 100 | 1 | _aNogueira, E.P.P. | |
| 111 | 1 |
_a1. Reuniao Brasileira de Ciencia da Informacao _cRio de Janeiro, RJ (Brazil) _d15 Jun 1975 |
|
| 245 | 1 | _aEnfoques de um modelo sistemico de avaliacao das atividades locais do CRUTAC [Centro Rural Universitario de Treinamento e Acao Comunitaria; Documentacao; Projeto de desenvolvimento; Extensao rural; Brasil] | |
| 260 | 3 |
_aRio de Janeiro, RJ (Brasil): _c1978. |
|
| 500 | _aAnais da 1. Reuniao Brasileira de Ciencia da Informacao Rio de Janeiro, RJ (Brasil): 1978. p. 75-131 (BR7803624-AM)U20 | ||
| 650 | _aDocumentacao | ||
| 650 | _aProjeto de desenvolvimento | ||
| 650 | _aextensao rural | ||
| 650 | _aProjeto agricola | ||
| 650 | _aCurso | ||
| 650 | _aPrograma educacional | ||
| 650 | _aAssistencia tecnica | ||
| 773 | 0 |
_tAnais da 1. Reuniao Brasileira de Ciencia da Informacao _b _wU20 BR7803624 _gRio de Janeiro, RJ (Brasil), 1978. p. 75-131 |
|
| 909 |
_a202404 _bLucia _c55 _dLucia Elande |
||
| 942 |
_cAM _2AGRIS |
||
| 999 |
_c308915 _d308915 |
||